Casos de derecho procesal civil para uso de los estudiantes
Guardat en:
| Autor principal: | |
|---|---|
| Format: | Llibre |
| Idioma: | espanyol |
| Publicat: |
Madrid
Victoriano Suárez
1925
|
| Matèries: | |
| Etiquetes: |
Afegir etiqueta
Sense etiquetes, Sigues el primer a etiquetar aquest registre!
|
MARC
| LEADER | 00000nam a2200000 a 4500 | ||
|---|---|---|---|
| 001 | UCS0678 | ||
| 003 | CL-VaPUC | ||
| 008 | 970426e19250000SP |||||||||||||||||spa|d | ||
| 082 | 0 | 4 | |a 347.07 |b BEC |2 21 |
| 100 | 0 | |a Beceña González, Francisco |e author |9 384458 | |
| 245 | 1 | 0 | |a Casos de derecho procesal civil para uso de los estudiantes |
| 300 | |a 202 p | ||
| 942 | |c BK | ||
| 945 | |d 19970426 00:00:00 |a paguirre | ||
| 260 | |a Madrid |b Victoriano Suárez |c 1925 | ||
| 650 | 0 | |a Derecho procesal civil |9 258071 | |
| 650 | 0 | |a Procedimiento civil |9 254870 | |
| 650 | 7 | |a DEMANDA |2 CL-VaPUC |9 255172 | |
| 650 | 0 | |a Sentencias |9 256250 | |
| 650 | 7 | |a EJECUCION |2 CL-VaPUC |9 258070 | |
| 650 | 7 | |a REBELDIAS |2 CL-VaPUC |9 384459 | |
| 650 | 0 | |a Juicio arbitral |9 254865 | |
| 650 | 0 | |a Embargo |9 334099 | |
| 650 | 0 | |a Juicio ejecutivo |9 254866 | |
| 650 | 0 | |a Recurso de casación |9 258890 | |
| 583 | |a last modification |c 19970426 00:00:00 |k Rodrigo Vera | ||
| 999 | |c 258895 |d 258893 | ||
| 952 | |0 0 |1 0 |4 0 |6 347_070000000000000_BEC_1925 |7 0 |8 A |9 283285 |a BIBDER |b BIBDER |d 2019-11-19 |i 1839721 |o 347.07 BEC 1925 |p 1839721 |r 2023-01-25 |w 2019-11-19 |y BK |k DER | ||